Statistics for European Capitals Without First or Last Letters Quiz #3

Click here to take the quiz!

General Stats

  • This quiz has been taken 63 times
  • The average score is 14 of 15

Answer Stats

European Capitals Without First or Last LettersFull European Capitals (and Countries)% Correct
msterdaAmsterdam (Netherlands)
100%
openhageCopenhagen (Denmark)
100%
uxembourLuxembourg (Luxembourg)
100%
tockholStockholm (Sweden)
100%
russelBrussels (Belgium)
98%
elsinkHelsinki (Finland)
98%
elgradBelgrade (Serbia)
97%
oscoMoscow (Russia)
97%
slOslo (Norway)
97%
ondoLondon (United Kingdom)
89%
omRome (Italy)
87%
hișinăChișinău (Moldova)
85%
ristinPristina (Kosovo)
85%
agreZagreb (Croatia)
84%
iranTirana (Albania)
79%

Score Distribution

Percentile by Number Answered

Percent of People with Each Score

Your Score History

You have not taken this quiz